[Event "AUTO-ADV-431"]
[Site "http://www.queenalice.com/game.php?id=179150"]
[Date "2007.3.9"]
[Round "1"]
[White "Viper_SB"]
[Black "jochigol1802"]
[Result "1/2-1/2"]
[WhiteElo "1726"]
[BlackElo "1729"]

1. d4 d5 2. Nc3 Nf6 3. Bf4 a6 4. e3 Bf5 5. Bd3 Bxd3 6. Qxd3 e6 7. Nf3 Nc6 8. O-O
Bd6 9. Bxd6 Qxd6 10. g3 O-O 11. Ng5 g6 12. Ne2 Rfe8 13. b3 e5 14. c4 exd4 15.
Nxd4 dxc4 16. bxc4 Rad8 17. Rad1 Nxd4 18. exd4 c6 19. c5 Qd5 20. a4 Ne4 21. Nxe4
Rxe4 22. Rfe1 Rxd4 23. Qxd4 Qxd4 24. Rxd4 Rxd4 25. Re8+ Kg7 26. Rb8 Rxa4 27.
Rxb7 Rc4 28. Rb6 Rxc5 29. Rxa6 Kf6 30. Kg2 Kf5 31. Ra4 Ke6 32. g4 h6 33. h4 f5
34. Kg3 fxg4 35. Kxg4 g5 36. hxg5 hxg5 37. f4 gxf4 38. Kxf4 Kd5 39. Ke3 Rc4 40.
Ra7 Rc3+ 41. Kf4 Kd4 42. Rd7+ Kc4 43. Ke5 c5 44. Rc7 Rd3 45. Ke4 Rd4+ 46. Ke3
Rd8 47. Rg7 Kc3 48. Rc7 c4 49. Ra7 Kb3 50. Rb7+ Kc2 51. Rc7 c3 52. Ke2 Rd2+ 53.
Ke1 Kb2 54. Rb7+ Kc1 55. Rb3 Rb2 56. Rxc3+ Rc2 57. Rxc2+ 1/2-1/2

[Event "AUTO-ADV-431"]
[Site "http://www.queenalice.com/game.php?id=179151"]
[Date "2007.3.9"]
[Round "1"]
[White "jochigol1802"]
[Black "Viper_SB"]
[Result "1-0"]
[WhiteElo "1729"]
[BlackElo "1746"]

1. e4 e5 2. Nf3 d6 3. h3 Be6 4. Nc3 Be7 5. d3 Nf6 6. Bg5 O-O 7. d4 exd4 8. Nxd4
c5 9. Nxe6 fxe6 10. Bc4 Qd7 11. Qd2 Nc6 12. O-O-O Ne5 13. Bxf6 Bxf6 14. Be2 a6
15. Qxd6 Qxd6 16. Rxd6 Rae8 17. Rhd1 Bg5+ 18. Kb1 Rxf2 19. g3 Rff8 20. Rb6 Re7
21. h4 Be3 22. Bf1 Ref7 23. Bh3 Kh8 24. Rxe6 Nf3 25. Rd3 Nd2+ 26. Kc1 Nc4+ 27.
Kb1 h6 28. Bf5 Bd4 29. h5 Rf6 30. Re7 Nd6 31. g4 Nxf5 32. exf5 Rb6 33. b3 Kg8
34. Nd5 Rd6 35. Nf4 b5 36. Ne6 Rc8 37. Nxd4 Rxd4 38. Rxd4 cxd4 39. Rd7 Re8 40.
Rxd4 Kf7 41. a4 Kf6 42. axb5 axb5 43. Rd6+ Kg5 44. Rd4 Re1+ 45. Kb2 Rg1 46. Rd5
Rxg4 47. Rxb5 Rh4 48. Rb7 Kxf5 49. Rxg7 Rxh5 50. c4 Rh2+ 51. Kc3 h5 52. c5 h4
53. c6 Rh3+ 54. Kb4 Re3 55. c7 Re8 56. Kb5 Kf6 57. Rg4 h3 58. Rh4 Rc8 59. Kc6
Ke6 60. Rxh3 Ke5 61. Kd7 Rxc7+ 62. Kxc7 1-0

[Event "AUTO-ADV-431"]
[Site "http://www.queenalice.com/game.php?id=179164"]
[Date "2007.3.9"]
[Round "1"]
[White "jochigol1802"]
[Black "Macuei"]
[Result "1-0"]
[WhiteElo "1694"]
[BlackElo "1673"]

1. e4 e5 2. Nf3 d5 3. Nc3 Nf6 4. exd5 Nxd5 5. Bc4 Nf4 6. Nxe5 Be6 7. Bxe6 fxe6
8. O-O Qg5 9. Ng4 h5 10. Ne3 h4 11. Qg4 Qxg4 12. Nxg4 Nc6 13. d3 e5 14. Re1 Bd6
15. Bxf4 O-O-O 16. Nxe5 Rhf8 17. Nxc6 bxc6 18. Bxd6 cxd6 19. Re4 g5 20. Rg4 Rg8
21. Ne4 d5 22. Nc5 Rde8 23. Kf1 Re5 24. Re1 Rge8 25. Rxe5 Rxe5 26. f4 Rf5 27. g3
h3 28. Rxg5 Rxg5 29. fxg5 Kd8 30. Ne6+ Ke7 31. Nf4 Kf7 32. Nxh3 Kg6 33. c4 d4
34. Kf2 c5 35. Nf4+ Kxg5 36. Ne6+ Kf5 37. Nxc5 Ke5 38. Nb3 a6 39. h4 1-0

[Event "AUTO-ADV-431"]
[Site "http://www.queenalice.com/game.php?id=179165"]
[Date "2007.3.9"]
[Round "1"]
[White "Macuei"]
[Black "jochigol1802"]
[Result "1-0"]
[WhiteElo "1672"]
[BlackElo "1689"]

1. e4 e5 2. Nc3 Nf6 3. Nf3 d6 4. d4 Bg4 5. dxe5 Bxf3 6. gxf3 dxe5 7. Qxd8+ Kxd8
8. Bg5 Be7 9. O-O-O+ Ke8 10. Bxf6 Bxf6 11. Nd5 Bd8 12. Bc4 c6 13. Nb4 Bg5+ 14.
Kb1 Nd7 15. Rhg1 Bf4 16. Rxg7 Rf8 17. Rxh7 a5 18. Nd3 b5 19. Nxf4 bxc4 20. Rd6
Rg8 21. Ne2 Nf8 22. Rh5 Ng6 23. a3 Ra6 24. Rf5 Ke7 25. Rff6 Rc8 26. Nc3 Nf4 27.
Nd5+ Nxd5 28. exd5 Rb6 29. dxc6 a4 30. Rh6 c3 31. Rd7+ 1-0

[Event "AUTO-ADV-431"]
[Site "http://www.queenalice.com/game.php?id=179166"]
[Date "2007.3.9"]
[Round "1"]
[White "jochigol1802"]
[Black "Guilherme_Ottoni"]
[Result "1-0"]
[WhiteElo "1672"]
[BlackElo "1827"]

1. e4 e5 2. Nf3 Nc6 3. Bc4 Nf6 4. d3 Bc5 5. Bg5 h6 6. Bh4 d6 7. h3 Na5 8. Bb3
Nxb3 9. axb3 O-O 10. c3 c6 11. b4 Bb6 12. O-O Re8 13. Nbd2 a5 14. bxa5 Rxa5 15.
Rxa5 Bxa5 16. Nb3 Bc7 17. Re1 b5 18. Nc1 g5 19. Bg3 Be6 20. Qc2 Bb6 21. Rd1 c5
22. Ne2 Qc7 23. b3 Ra8 24. c4 bxc4 25. dxc4 Ba5 26. Nc3 Bd7 27. Nd5 Nxd5 28.
Rxd5 Bc6 29. Rd1 Bb4 30. Qd3 Rd8 31. Qe3 Bd7 32. Nd2 f5 33. exf5 Bxf5 34. Ne4
Bxe4 35. Qxe4 Qf7 36. f3 Rd7 37. Qc6 Ra7 38. Rxd6 Rc7 39. Qa8+ Kh7 40. Qe4+ Kg8
41. Rd8+ 1-0

[Event "AUTO-ADV-431"]
[Site "http://www.queenalice.com/game.php?id=179167"]
[Date "2007.3.9"]
[Round "1"]
[White "Guilherme_Ottoni"]
[Black "jochigol1802"]
[Result "0-1"]
[WhiteElo "1811"]
[BlackElo "1709"]

1. e4 e5 2. Nf3 Nc6 3. Bb5 Bd6 4. O-O Nf6 5. Re1 a6 6. Ba4 O-O 7. c3 b5 8. Bb3
Bc5 9. d4 exd4 10. e5 Ng4 11. cxd4 Bb6 12. h3 Nxf2 13. Kxf2 d6 14. Bg5 Qd7 15.
a3 dxe5 16. Qd3 Nxd4 17. Nxd4 Bxd4+ 18. Kf1 c5 19. Ra2 c4 20. Bxc4 bxc4 21. Qf3
Bb7 22. Qg3 Qf5+ 23. Ke2 a5 24. Nd2 Ba6 25. Kd1 Rab8 26. Rf1 Qe6 27. Rf6 Qc8 28.
Bh6 g6 29. Bxf8 Qxf8 30. Rxa6 Bxb2 31. Rxa5 c3 32. Ne4 Qd8+ 33. Kc2 Qxa5 34.
Nxc3 Bxc3 35. Qxc3 Qxc3+ 36. Kxc3 Kg7 37. Re2 f6 38. Re4 g5 39. g4 Rd8 40. a4
Kf7 41. a5 Ke6 42. Kc4 Rb8 43. Kc5 Kd7 44. Ra4 Kc7 45. a6 Ra8 46. Kb5 Rd8 47.
Rc4+ Kb8 48. Rc6 Rf8 49. Kb6 Rf7 50. Re6 Rf8 51. Re7 Rd8 52. Kc6 Rd3 53. Rxh7 e4
54. Kb6 Rb3+ 55. Kc6 e3 56. Re7 e2 57. Rxe2 Ra3 58. Kb6 Rb3+ 59. Kc6 Rxh3 60.
Rf2 Ra3 61. Kb6 Rb3+ 62. Kc6 Ka7 63. Rxf6 Rb6+ 0-1

[Event "AUTO-INT-312"]
[Site "http://www.queenalice.com/game.php?id=213428"]
[Date "2007.5.19"]
[Round "2"]
[White "johntelker"]
[Black "jochigol1802"]
[Result "0-1"]
[WhiteElo "1840"]
[BlackElo "1787"]

1. d4 d5 2. Nf3 Nc6 3. e3 a6 4. b3 Nf6 5. Bb2 Bf5 6. a3 e6 7. Nbd2 Bd6 8. Bd3
Bxd3 9. cxd3 O-O 10. O-O Qd7 11. Rc1 Rfe8 12. e4 e5 13. dxe5 Nxe5 14. Nxe5 Bxe5
15. Bxe5 Rxe5 16. f4 Re7 17. e5 Ng4 18. Qe2 Rae8 19. d4 f6 20. h3 Nh6 21. b4 Nf5
22. Qd3 fxe5 23. fxe5 Rf8 24. Rc3 c6 25. Nb3 b6 26. Qf3 Ref7 27. Qe2 Ng3 28.
Rxg3 Rxf1+ 29. Kh2 Qf5 0-1

[Event "AUTO-INT-312"]
[Site "http://www.queenalice.com/game.php?id=213429"]
[Date "2007.5.19"]
[Round "2"]
[White "jochigol1802"]
[Black "johntelker"]
[Result "1-0"]
[WhiteElo "1746"]
[BlackElo "1861"]

1. e4 e6 2. d4 d5 3. e5 h6 4. Nf3 Ne7 5. Nc3 Ng6 6. Bd3 Nh4 7. Nxh4 Qxh4 8. Be3
Qd8 9. O-O Be7 10. Qg4 Bg5 11. Bxg5 hxg5 12. f4 Rh4 13. Qg3 g6 14. fxg5 Rxd4 15.
Qf2 1-0

[Event "AUTO-INT-312"]
[Site "http://www.queenalice.com/game.php?id=213432"]
[Date "2007.5.19"]
[Round "2"]
[White "ray"]
[Black "jochigol1802"]
[Result "1-0"]
[WhiteElo "1626"]
[BlackElo "1758"]

1. c4 e5 2. Nc3 Bc5 3. g3 Nf6 4. Bg2 c6 5. e3 d6 6. d4 exd4 7. Ne4 Nxe4 8. Bxe4
O-O 9. Qd3 dxe3 10. Bxe3 Bxe3 11. Qxe3 Qf6 12. Rb1 Bf5 13. Nf3 Re8 14. Nd2 1-0

[Event "AUTO-INT-312"]
[Site "http://www.queenalice.com/game.php?id=213433"]
[Date "2007.5.19"]
[Round "2"]
[White "jochigol1802"]
[Black "ray"]
[Result "0-1"]
[WhiteElo "1781"]
[BlackElo "1603"]

1. e4 c5 2. Bc4 e6 3. Nf3 g6 4. d3 Bg7 5. c3 Nc6 6. d4 cxd4 7. Nxd4 Nxd4 8. cxd4
Ne7 9. Nc3 Qb6 10. O-O O-O 11. Bf4 Bxd4 12. Na4 Qc6 13. Qxd4 Qxa4 0-1